=LDR 00000nam 2200000 4500 =001 INLIS000000000007569 =005 20130612095540 =008 ***********************************Ind** =035 ##$$0010-061300000007569 =041 ##$$a Ind =082 ##$$a 951 =090 ##$$a 951, Suk s =100 ##$$a SUKISMAN, W.D =245 ##$$a Sejarah Cina Kontemporer, W.D. Sukisman. -- =260 ##$$a 1992 $b Jakarta =300 ##$$a xiii, 180 hlm, 21 cm =650 ##$$a Cina - Sejarah